| 000 | 00761nam a22003017a 4500 | ||
|---|---|---|---|
| 001 | BR9902400 | ||
| 003 | BR-BrBNA | ||
| 005 | 20230928100335.0 | ||
| 007 | ta | ||
| 008 | 230509b bl.||||| |||| 00| 0 por d | ||
| 040 |
_aBR-BrBNA _bpor _cBiblioteca Nacional de Agricultura |
||
| 041 | _a(Por) | ||
| 072 |
_aF01; E50 _b2790 |
||
| 090 | _ 2790 BR9902400 | ||
| 100 | 1 | _aAlzugaray, D. | |
| 100 | 1 | _aAlzugaray, C.(eds.) | |
| 245 | 1 | _aErvas medicinais | |
| 260 | 3 |
_aSao Paulo, SP (Brasil): _bEd. Tres Ltda., _c1983. |
|
| 300 | _a113 p. | ||
| 500 | _a8 ref.; 72 illus. | ||
| 650 | _aPlanta Medicinal | ||
| 650 | _aPratica Cultural | ||
| 650 | _aBotanica | ||
| 650 | _aCha | ||
| 650 | _aSaude | ||
| 909 |
_a202309 _bLucia _c55 _dLucia Elande |
||
| 942 | _cBK | ||
| 999 |
_c60985 _d60985 |
||